Fashion Designer Names - Statistics

General Stats
  • This quiz has been taken 445 times
    436 since last reset
  • The average score is 40 of 88
Answer Stats
First Name Last Name % Correct
Tom Ford
94%
Christian Dior
93%
Christian Siriano
93%
Coco Chanel
92%
Alexander McQueen
91%
Alexander Wang
91%
Yves Saint Laurent
90%
Marc Jacobs
89%
Michael Kors
89%
Tommy Hilfiger
88%
Calvin Klein
87%
Ralph Lauren
85%
Louis Vuitton
84%
Donna Karan
83%
Karl Lagerfeld
83%
Jean Paul Gaultier
81%
Giorgio Armani
80%
Stella McCartney
80%
Oscar de la Renta
78%
Victoria Beckham
75%
Vivienne Westwood
74%
Vera Wang
73%
Donatella Versace
70%
Gianni Versace
70%
John Galliano
68%
Roberto Cavalli
66%
Diane von Furstenberg
64%
Elie Saab
62%
Elie Tahari
62%
Carolina Herrera
61%
Paco Rabanne
60%
Kate Spade
58%
Nina Ricci
50%
Tory Burch
47%
Salvatore Ferragamo
46%
Zac Posen
46%
Emilio Pucci
45%
Miuccia Prada
45%
Rick Owens
45%
Isabel Marant
44%
Bottega Veneta
43%
Stefano Gabbana
42%
Pierre Balmain
39%
Sonia Rykiel
38%
David Koma
37%
Hubert de Givenchy
37%
Cristobal Balenciaga
34%
Domenico Dolce
34%
Olivier Rousteing
33%
Raf Simons
33%
Hedi Slimane
31%
Alber Elbaz
29%
Azzedine Alaia
29%
Jeremy Scott
29%
Rebecca Minkoff
27%
Sarah Burton
27%
Yohji Yamamoto
27%
Christopher Kane
26%
Phillip Lim
26%
Riccardo Tisci
26%
Rachel Zoe
25%
Valentino Garavani
25%
Alberta Ferretti
24%
Jenny Packham
24%
Monique Lhuillier
24%
Zuhair Murad
23%
Proenza Schouler
22%
Alexandre Vauthier
21%
Anthony Vaccarello
21%
Jason Wu
20%
Badgley Mischka
19%
Giambattista Valli
19%
Haider Ackermann
18%
Mary Katrantzou
18%
Cynthia Rowley
17%
Narciso Rodriguez
16%
Peter Pilotto
15%
Reem Acra
15%
Derek Lam
14%
Nanette Lepore
13%
Antonio Berardi
11%
Julien Macdonald
11%
Frida Giannini
9%
Fausto Puglisi
8%
Reed Krakoff
7%
Pamella Roland
6%
Francisco Costa
5%
Wes Gordon
2%
No matching quizzes found
Score Distribution
Percent of People with Each Score
Percentile by Number Answered
Your Score History
You have not taken this quiz since the last reset